| 000 | 00890nam a22002177a 4500 | ||
|---|---|---|---|
| 005 | 20240814175151.0 | ||
| 008 | s2543 th tha d | ||
| 020 | _a9742824983 | ||
| 041 | _atha | ||
| 100 | 0 | _aธีระพล อรุณะกสิกร | |
| 245 | 1 | 0 | _aประมวลกฎหมายวิธีพิจารณาความแพ่ง ฉบับสมบูรณ์แก้ไขเพิ่มเติม พ.ศ.2543 |
| 260 | 3 |
_aกรุงเทพฯ : _bวิญญูชน, _c2543 |
|
| 300 |
_a311 หน้า ; _b 22 ซม. |
||
| 650 | 0 | 4 | _aกฎหมายวิธีพิจารณาความแพ่ง |
| 650 | 0 | 4 | _aวิธีพิจารณาความแพ่ง |
| 850 | _aNALT | ||
| 942 | _cLB | ||
| 997 | _c000000000019802 | ||
| 998 |
_aAREERAT VICHACHANG _j25 _k นีลวัสน์ อินทรักษา |
||
| 999 |
_c19802 _d19802 |
||
| 090 | _aKT62 ธ667ป 2543 | ||